Cricket: Highest Individual Career First Class Average - Statistics

General Stats
  • This quiz has been taken 23 times
    10 since last reset
  • The average score is 6 of 20
Answer Stats
Country Years Runs Average Answer % Correct
AUS 1927-1949 28067 95.14 Sir Donald Bradman
100%
IND 1988-2013 25396 57.84 Sachin Tendulkar
71%
IND 1929-1951 13470 71.64 Vijay Merchant
57%
IND 1934-1967 18470 58.38 Vijay Hazare
43%
IND 1989-2005 9965 59.67 Vinod Kambli
43%
AUS 1920-1934 13819 65.18 Bill Ponsford
29%
AUS 1921-1934 13388 64.99 Bill Woodfull
29%
WI 1927-1954 9921 69.86 George Headley
29%
IND 2016-2022* 2433 59.34 Rinku Singh
29%
IND 1984-2001 10120 67.46 Ajay Sharma
14%
AUS 1918-1936 12762 57.22 Alan Kippax
14%
AUS 1987-2007 25795 57.83 Darren Lehmann
14%
IND 1938-1950 4716 61.24 KC Ibrahim
14%
AUS 1932-1953 16890 58.24 Lindsay Hassett
14%
AUS 1989-2006 19147 57.32 Michael Bevan
14%
SL 2019-2022* 2842 60.46 Nishan Madushka
14%
SL 2016-2021* 3982 61.26 Pathum Nissanka
14%
IND 1987-2002 6563 63.10 Shantanu Sugwekar
14%
ENG 1962-1986 48426 56.83 Sir Geoffrey Boycott
14%
IND 1986-2001 7971 58.18 Surendra Bhave
14%
No matching quizzes found
Score Distribution
Percent of People with Each Score
Percentile by Number Answered
Your Score History
You have not taken this quiz since the last reset